Genoa CFC Squad 2024-2025 - Statistics

General Stats
  • This quiz has been taken 215 times
    105 since last reset
  • The average score is 21 of 37
Answer Stats
# Position Nation Player % Correct
22 DF Mexico Johan Vásquez
90%
1 GK Italy Nicola Leali
90%
4 DF Belgium Koni De Winter
87%
3 DF Spain Aarón Martín
86%
- Coach France Patrick Vieira
84%
9 FW Portugal Vitinha
83%
19 FW Italy Andrea Pinamonti
81%
10 FW Brazil Junior Messias
81%
32 MF Denmark Morten Frendrup
81%
2 MF Norway Morten Thorsby
80%
18 FW Ghana Caleb Ekuban
79%
- Coach Italy Alberto Gilardino
77%
17 MF Ukraine Ruslan Malinovskyi
74%
13 DF Italy Mattia Bani
70%
47 MF Croatia Milan Badelj
70%
95 GK Italy Pierluigi Gollini
64%
20 DF Italy Stefano Sabelli
64%
15 DF England Brooke Norton-Cuffy
61%
33 DF Uruguay Alan Matturro
60%
45 FW Italy Mario Balotelli
60%
23 MF Italy Fabio Miretti
57%
70 FW Ivory Coast Maxwel Cornet
54%
5 MF Cameroon Jean Onana
51%
14 DF Italy Alessandro Vogliacco
50%
59 DF Italy Alessandro Zanoli
49%
73 MF Italy Patrizio Masini
47%
8 MF Norway Emil Bohinen
37%
11 MF Uruguay Gastón Pereiro
29%
34 DF Denmark Sebastian Otoa
29%
39 GK Italy Daniele Sommariva
27%
31 GK Switzerland Benjamin Siegrist
24%
30 FW Nigeria David Ankeye
24%
30 MF Paraguay Hugo Cuenca
24%
99 GK Austria Franz Stolz
21%
27 DF Italy Alessandro Marcandalli
19%
72 MF Italy Filippo Melegoni
16%
55 FW Italy Federico Accornero
7%
No matching quizzes found
Score Distribution
Percent of People with Each Score
Percentile by Number Answered
Your Score History
You have not taken this quiz since the last reset